00311nam a2200133Ia 4500003000400000008004100004082001300045100002000058245002600078250000800104260003900112300000800151650001800159OSt191201s2004 xx 000 0 und d a530bTAD aTata McGRAW HLL 0aDictionary of Physics a3rd aNew DelhibTata mc Graw Hillc2004 a483 aGeneral Books